DSP for in-vehicle and mobile systems / (Record no. 175932)
[ view plain ]
| 000 -LEADER | |
|---|---|
| fixed length control field | 01554 a2200253 4500 |
| 003 - CONTROL NUMBER IDENTIFIER | |
| control field | Nust |
| 005 - DATE AND TIME OF LATEST TRANSACTION | |
| control field | 20230905092427.0 |
| 010 ## - LIBRARY OF CONGRESS CONTROL NUMBER | |
| LC control number | 2004051229 |
| 020 ## - INTERNATIONAL STANDARD BOOK NUMBER | |
| Terms of availability | 0387229787 (alk. paper) |
| 040 ## - CATALOGING SOURCE | |
| Transcribing agency | Nust |
| 082 00 - DEWEY DECIMAL CLASSIFICATION NUMBER | |
| Classification number | 629.277,DSP |
| 245 00 - TITLE STATEMENT | |
| Title | DSP for in-vehicle and mobile systems / |
| Statement of responsibility, etc. | edited by H赳eyin Abut, John H.L. Hansen, Kazuya Takeda. |
| 260 ## - PUBLICATION, DISTRIBUTION, ETC. | |
| Place of publication, distribution, etc. | New York : |
| Name of publisher, distributor, etc. | Springer |
| Date of publication, distribution, etc. | c2005. |
| 300 ## - PHYSICAL DESCRIPTION | |
| Extent | xv, 313 p. : |
| Other physical details | ill. ; |
| Dimensions | 25 cm. |
| 505 ## - FORMATTED CONTENTS NOTE | |
| Formatted contents note | Construction And Analysis Of A Multilayered In Car Spoken Dialogue Corpus (Page-1), CU-Move (Page-19), A Spoken Dialog Corpus For Car Telematics Services (Page-47), Experiences Of Multi-Speaker Dialogue Sys For Vehicular Information Retrieval (Page-65), Robust Dialoge Management (Page-83), Use Of Multiple Speech Recognition Units (Page-97), Hi- Speed Error Correcting Code LSI (Page-113), MCMAC (Page-123), Noise Robust Speech Recognition (Page-139), Speech Enhancement (Page-169), Real Time Transmission (Page-193), DWT Image Compression For Mobile Comm. (Page-209), Joint Audio Video Processing (Page-237), Is Our Driving Behavior Unique (Page-257). |
| 650 #0 - SUBJECT ADDED ENTRY--TOPICAL TERM | |
| Topical term or geographic name entry element | Automotive telematics. |
| 9 (RLIN) | 99292 |
| 650 #0 - SUBJECT ADDED ENTRY--TOPICAL TERM | |
| Topical term or geographic name entry element | Signal processing |
| General subdivision | Digital techniques. |
| 9 (RLIN) | 55548 |
| 700 1# - ADDED ENTRY--PERSONAL NAME | |
| Personal name | Abut, H赳eyin, |
| Dates associated with a name | 1945- |
| 9 (RLIN) | 99293 |
| 700 1# - ADDED ENTRY--PERSONAL NAME | |
| Personal name | Hansen, John H. L. |
| 9 (RLIN) | 99294 |
| 700 1# - ADDED ENTRY--PERSONAL NAME | |
| Personal name | Takeda, Kazuya, |
| Dates associated with a name | 1960- |
| 9 (RLIN) | 99295 |
| 856 41 - ELECTRONIC LOCATION AND ACCESS | |
| Materials specified | Publisher description |
| Uniform Resource Identifier | <a href="http://www.loc.gov/catdir/enhancements/fy0663/2004051229-d.html">http://www.loc.gov/catdir/enhancements/fy0663/2004051229-d.html</a> |
| 856 41 - ELECTRONIC LOCATION AND ACCESS | |
| Materials specified | Table of contents |
| Uniform Resource Identifier | <a href="http://www.loc.gov/catdir/toc/fy053/2004051229.html">http://www.loc.gov/catdir/toc/fy053/2004051229.html</a> |
| 942 ## - ADDED ENTRY ELEMENTS (KOHA) | |
| Koha item type | Reference |
| Source of classification or shelving scheme | |
| Withdrawn status | Lost status | Source of classification or shelving scheme | Damaged status | Not for loan | Permanent Location | Current Location | Shelving location | Date acquired | Full call number | Barcode | Date last seen | Price effective from | Koha item type | Public note |
|---|---|---|---|---|---|---|---|---|---|---|---|---|---|---|
| Military College of Signals (MCS) | Military College of Signals (MCS) | Reference | 12/12/2016 | 629.277,DSP | MCS32511 | 12/08/2016 | 12/12/2016 | Reference | Almirah No.24, Shelf No.1 |
